000
00184 a2200097 4500
041
_a
eng
100
_a
Mercier, Pascal
245
_a
Night train to lisbon
942
_c
BK
952
_7
1
999
_c
18427
_d
18427